Hãy đầu tư vào chính nhân viên của mình /
Đã lưu trong:
| 主要作者: | |
|---|---|
| 格式: | Bài viết |
| 语言: | Vietnamese |
| 主题: | |
| 标签: |
添加标签
没有标签, 成为第一个标记此记录!
|
| Thư viện lưu trữ: | Thư viện Trường Đại học Đà Lạt |
|---|
| LEADER | 00782nam a2200289 4500 | ||
|---|---|---|---|
| 001 | DLU060054022 | ||
| 040 | # | # | |a DLU |b vie |
| 041 | # | # | |a vie |
| 044 | # | # | |a vn |
| 100 | # | # | |a Nguyễn Bình |
| 245 | # | # | |a Hãy đầu tư vào chính nhân viên của mình / |c Nguyễn Bình |
| 653 | # | # | |a Doanh nghiệp |
| 653 | # | # | |a Nhân viên |
| 653 | # | # | |a Quản lý doanh nghiệp |
| 653 | # | # | |a Quản lý nhân sự |
| 773 | # | # | |t Nhà quản lý |g Số 15, 2004, tr.32-33 |
| 920 | # | # | |a Phòng Tạp chí -- Trung tâm Thông tin - Thư viện Trường Đại học Đà Lạt |
| 933 | # | # | |a CT, TN |
| 994 | # | # | |a DLU |
| 900 | # | # | |a True |
| 911 | # | # | |a Nguyễn Thị Yên |
| 925 | # | # | |a G |
| 926 | # | # | |a A |
| 927 | # | # | |a BB |
| 980 | # | # | |a Thư viện Trường Đại học Đà Lạt |